000 00371nam a2200157Ia 4500
008 230711s9999||||xx |||||||||||||| ||und||
041 _aENG
082 _a720
_bFR-D
100 _aFrank R
245 0 _aDesigner guide to EN 1997-1-1 euro code 7
250 _a1st Ed.
260 _c2007
_aLondon
_bThomas Telford
300 _a216
650 _aArchitecture
942 _cBK
999 _c5003
_d5003